000 00354 a2200169 4500
001 191789
020 _a978-85-8193-319-1
040 _cMagnum
100 _aAlves, Januária Cristina
240 1 0 _aHeidi
_lpor
245 1 0 _aHeidi
300 _a32
362 0 _a2016
440 1 _aFolha de São Paulo
697 _aLITERATURA INFANTO
942 _cBK
999 _c191789
_d191789